Statistics for Fill In The Gap #1

Click here to take the quiz!

General Stats

  • This quiz has been taken 100 times
    (65 since last reset)
  • The average score is 7 of 8

Answer Stats

HintAnswer% Correct
United States Of Ame___aRic
98%
Tanz___aAni
96%
Ch___Ina/Ile
95%
Fr___eAnc
89%
Turkm___stanEni
89%
Ca___oonMer
86%
___araguaNic
82%
FINAL WORD:Armenia
57%

Score Distribution

Percentile by Number Answered

Percent of People with Each Score

Your Score History

You have not taken this quiz since the last reset